Tymek - Popularne - Statystyki

Ogólne statystyki
  • Ten quiz został rozwiązany 95 razy
  • Średni wynik to 12 z 16
Statystyki odpowiedzi
Numer Utwór % Poprawnych
8 Sophia Loren
83%
11 Cielo Blu
81%
5 Pleasure
81%
13 Popularne
81%
12 Myszka Miki
80%
4 Deweloper
79%
9 Dziecko
79%
1 Haker
77%
2 Beethoven
76%
7 Pokemony
74%
16 After
69%
15 Frisbee
64%
3 Marilyn Monroe
64%
10 Pa'lante
61%
14 Plastik
61%
6 II diavolo veste prada
46%
Nie znaleziono quizów pasujących do podanych kryteriów
Rozkład punktacji
Procent ludzi z każdym wynikiem
Percentyl według liczby udzielonych odpowiedzi
Twoja historia wyników
Nie rozwiązałeś tego quizu